000 00829nam a2200229Ia 4500
001 15597
003 GE_BSU
008 181216s||||||||xx |||||||||||||| ||und||
040 _cGE_BSU
080 _a82-93:821.161.1-3
100 _aგრიგორიევი, ს.
245 _aსომბრერო
245 _bმოთხრობები
245 _cთარგმ. ლიანა ჩხეიძისა ; ილ.: გ. ნადარეიშვილი. რედ.რ.ინანიშვილი. მხატვ.გ.ნადარეიშვილი
260 _aთბილისი
260 _bნაკადული
260 _c1961
300 _a241გვ. : ილ. ; 21სმ
653 _aმოთხრობები
653 _aსომბრერო
942 _cBK
999 _c48697
_d48697